| 000 | 00684cam a2200229 4500 | ||
|---|---|---|---|
| 001 | 19081 | ||
| 005 | 20230410132942.0 | ||
| 008 | 060907n2004 fr fre | ||
| 020 | _a2020562555 | ||
| 035 | _9funglode19231 | ||
| 041 | _aFR | ||
| 050 | 1 | 4 |
_aB 3108 _bS373a 2004 |
| 100 | 1 |
_aSchopenhauer, Arthur _d1788-1860. |
|
| 245 | 1 | 2 |
_aL'art de l'insulte / _cArthur Schopenhauer |
| 260 |
_aParĂs : _bDu Seuil, _c2004 |
||
| 300 | _a187 p. | ||
| 600 | 1 | 0 |
_aSchopenhauer, Arthur, _d1788-1860 _xQuotations. |
| 650 | 0 |
_aPhilosophy, German _y19th century. |
|
| 650 | 0 |
_aPhilosophers _zGermany. |
|
| 653 |
_aSchopenhauer, Arthur (1788-1860) _aCitas, maximas, etc. |
||
| 942 |
_2lcc _cbk |
||
| 999 |
_c90766 _d90766 |
||